Normal view
MARC view
- Shobhaa, De
Entry Personal Name
001 - CONTROL NUMBER
- control field: 9622
003 - CONTROL NUMBER IDENTIFIER
- control field: NUST
005 - DATE AND TIME OF LATEST TRANSACTION
- control field: 20180123152810.0
008 - FIXED-LENGTH DATA ELEMENTS
- fixed length control field: 180123|| aca||aabn | a|a d
040 ## - CATALOGING SOURCE
- Original cataloging agency: NUST
- Transcribing agency: NUST
100 ## - HEADING--PERSONAL NAME
- Personal name: Shobhaa, De
670 ## - SOURCE DATA FOUND
- Source citation: Work cat.: (NUST)321856: Shobhaa, De, Socialite Evenings, 2009
